The nature of atoms

Enregistré dans:
Détails bibliographiques
Auteur principal: Holden, Alan (Auteur)
Format: Livre
Langue:anglais
Publié: Cresskill Bell Telephone Laboratoires 1968
Sujets:
Tags: Ajouter un tag
Pas de tags, Soyez le premier à ajouter un tag!

MARC

LEADER 00000nam a2200000 a 4500
001 UCG6393
003 CL-VaPUC
008 110421e19680000us |||||||||||||||||eng|d
082 0 4 |a 539.7  |b HOL  |2 21 
100 |a Holden, Alan  |e author  |9 556565 
245 1 4 |a The nature of atoms 
300 |a 68 p 
942 |c BK 
945 |d 20110421 00:00:00  |a jcampos 
260 |a Cresskill  |b Bell Telephone Laboratoires  |c 1968 
650 0 |a Átomos  |9 259583 
650 7 |a HIPOTESIS  |2 CL-VaPUC  |9 556566 
650 7 |a ELEMENTOS QUIMICOS  |2 CL-VaPUC  |9 306895 
650 7 |a PARTICULAS ATOMICAS  |2 CL-VaPUC  |9 375392 
650 0 |a Hidrógeno   |9 360743 
650 7 |a ELECTRONES  |2 CL-VaPUC  |9 322158 
650 0 |a Moléculas   |9 259584 
583 |a last modification  |c 20171004 05:52:26  |k Rodrigo Vera 
999 |c 344644  |d 344642